000 00675nam a2200241 a 4500
001 nice12345678
003 IN_TiNIC
005 20260116014711.0
008 120109s2009 lona grp 000 0 eng
020 _a9780195979046
_c995
082 0 0 _a324.20954
_bQUR
100 _aQureshi, Naeem M
245 _aPan-Islam in British India
_b The Politics of the Khilafat Movement (1918-1924)
260 _aLondan
_bOxford University Press
_c2009
300 _a572p
500 _aincludes index and biblioraphy
505 2 _aSelected Bibliography, Index
650 _aPan Islam-India
700 1 _aQureshi, Naeem M
902 _bSRS
942 _cBK
999 _c16529
_d16529